000 00763nam a22001817i 4500
999 _c23198
_d23198
003 AR-CdUCM
008 250124b20222022 pe||||| |||| 00| 0 spa d
040 _aMUNICIPALIDAD PROVINCIAL DEL CUSCO
_cBIBLIOTECA MUNICIPAL DEL CUSCO
041 _hspa
082 _a300.61 / F63N
_bF63N
100 _aBruce Mannheim, Ralph Bolton
_950970
245 _aJorge A. Flores Ochoa, Notas Exegéticas y Testimonios :
260 _aCusco :
_bMunicipalidad Provincial del Cusco
_c2022
300 _a295 páginas. :
_c22x15 cm.
505 _aUn camélido y una canción de amor -- Querido amigo Jorge Flores -- Creencia andina -- La mirada indígena al turismo -- Antropología de la Convención -- Legado cultural de Jorge Flores
942 _2ddc
_cLIBROS
945 _apbjr
_d2022